[Event "GER-chT U20"]
[Site "Braunschweig"]
[Date "2019.12.29"]
[Round "5.3"]
[White "Wiesner, Alexander"]
[Black "Elier, Ali"]
[Result "0-1"]
[WhiteElo "1960"]
[BlackElo "2032"]
[PlyCount "44"]
[EventDate "2019.12.27"]
[EventType "team-swiss"]
[EventRounds "7"]
[EventCountry "GER"]
[SourceTitle "CBM 194 Extra"]
[Source "ChessBase"]
[SourceDate "2020.03.31"]
[SourceVersion "1"]
[SourceVersionDate "2020.03.31"]
[SourceQuality "1"]
[WhiteTeam "Karlsruhe SF"]
[BlackTeam "Brackel"]
[WhiteTeamCountry "GER"]
[BlackTeamCountry "GER"]

1. d4 Nf6 2. c4 e6 3. Nc3 d5 4. cxd5 exd5 5. Bg5 Be7 6. e3 Bf5 7. Bxf6 Bxf6 8. Qb3 Be6 9. Qxb7 Nd7 10. Qb3 Rb8 11. Qc2 c5 12. Nge2 Qb6 13. 0-0-0 0-0 14. dxc5 Nxc5 15. Nd4 Rfc8 16. Rd2 Ne4 17. Rd3 Nc5 18. Rd2 Bxd4 19. Rxd4 Bf5 20. Qxf5 Qxb2+ 21. Kd1 Ne4 22. Rxe4 Rxc3 0-1

[Event "Pardubice Czech op-B 28th"]
[Site "Pardubice"]
[Date "2017.07.21"]
[Round "1"]
[White "Wiesner, Alexander"]
[Black "Slonimskij, Arkadij"]
[Result "1-0"]
[WhiteElo "1897"]
[BlackElo "2160"]
[PlyCount "65"]
[EventDate "2017.07.21"]
[EventType "swiss"]
[EventRounds "9"]
[EventCountry "CZE"]
[SourceTitle "CBM 179 Extra"]
[Source "ChessBase"]
[SourceDate "2017.08.23"]
[SourceVersion "1"]
[SourceVersionDate "2017.08.23"]
[SourceQuality "1"]

1. d4 g6 2. c4 Bg7 3. Nc3 d6 4. e4 f5 5. Be3 Nh6 6. Bd3 0-0 7. Nge2 Ng4 8. 0-0 e5 9. h3 Nxe3 10. fxe3 Nc6 11. exf5 gxf5 12. c5 Kh8 13. cxd6 cxd6 14. Bc2 Ne7 15. Qd3 Be6 16. Rad1 Rc8 17. Bb1 e4 18. Nxe4 Bc4 19. Qd2 fxe4 20. Bxe4 Qd7 21. b3 Bxe2 22. Qxe2 d5 23. Bb1 Qe6 24. Kh1 Nf5 25. Qg4 Nxd4 26. exd4 Qxg4 27. hxg4 Rxf1+ 28. Rxf1 Bxd4 29. g3 Be3 30. Kg2 Kg7 31. Kf3 Rc3 32. Ke2 Bf4 33. gxf4 1-0

[Event "GER-chT U16"]
[Site "Neumarkt in der Oberpfalz"]
[Date "2016.12.29"]
[Round "5.2"]
[White "Wiesner, Alexander"]
[Black "Burian, Simon"]
[Result "1/2-1/2"]
[WhiteElo "1973"]
[BlackElo "1828"]
[PlyCount "104"]
[EventDate "2016.12.27"]
[EventType "team-swiss"]
[EventRounds "7"]
[EventCountry "GER"]
[SourceTitle "EXT 2018"]
[Source "ChessBase"]
[SourceDate "2017.10.13"]
[SourceVersion "1"]
[SourceVersionDate "2017.10.13"]
[SourceQuality "1"]
[WhiteTeam "Karlsruhe SF"]
[BlackTeam "Plauen Koenig"]
[WhiteTeamCountry "GER"]
[BlackTeamCountry "GER"]

1. d4 Nf6 2. c4 c5 3. e3 e6 4. Nc3 cxd4 5. exd4 d5 6. Nf3 Be7 7. Bd3 dxc4 8. Bxc4 0-0 9. 0-0 Nc6 10. Bf4 a6 11. Rc1 Bd7 12. d5 exd5 13. Nxd5 Nxd5 14. Bxd5 Bf6 15. Qb3 Bc8 16. Rfd1 Qa5 17. Bd6 Rd8 18. Bxf7+ Kh8 19. Bg3 Rxd1+ 20. Rxd1 b5 21. Bd5 Bb7 22. Rc1 Rc8 23. Rd1 Re8 24. h3 Qb6 25. Bf7 Re7 26. Rd6 Qc5 27. Bd5 Re8 28. Rd7 Na5 29. Qd1 Bxd5 30. Rxd5 Qb4 31. b3 Rc8 32. Be5 Qf8 33. Bxf6 Qxf6 34. Rd6 Qf8 35. Rd7 h6 36. Ne5 Qf6 37. Nf3 Nc6 38. Rd6 Qf4 39. Qd2 Qf5 40. Qd1 Qf4 41. Qd2 Qe4 42. a3 Qb1+ 43. Qd1 Qe4 44. Rd7 Ne5 45. Nxe5 Qxe5 46. Rd8+ Rxd8 47. Qxd8+ Kh7 48. Qd3+ Kh8 49. g3 Qa1+ 50. Kh2 Qxa3 51. Qd8+ Kh7 52. Qd3+ Kh8 1/2-1/2

[Event "GER-chT Lands U20"]
[Site "Hannover"]
[Date "2016.10.05"]
[Round "7.3"]
[White "Wiesner, Alexander"]
[Black "Reuker, Jari"]
[Result "1-0"]
[WhiteElo "1907"]
[BlackElo "2194"]
[PlyCount "121"]
[EventDate "2016.10.01"]
[EventType "team-swiss"]
[EventRounds "7"]
[EventCountry "GER"]
[SourceTitle "CBM 174 Extra"]
[Source "ChessBase"]
[SourceDate "2016.10.10"]
[SourceVersion "1"]
[SourceVersionDate "2016.10.10"]
[SourceQuality "1"]
[WhiteTeam "Baden II"]
[BlackTeam "Niedersachsen"]
[WhiteTeamCountry "GER"]
[BlackTeamCountry "GER"]

1. d4 Nf6 2. c4 e6 3. Nc3 Bb4 4. e3 0-0 5. Bd3 c5 6. Nf3 d5 7. 0-0 dxc4 8. Bxc4 Nbd7 9. a3 cxd4 10. Qxd4 Bc5 11. Qd2 b6 12. b4 Be7 13. Bb2 Bb7 14. Nd4 Qc7 15. Be2 Rac8 16. Rac1 Qb8 17. Bf3 Ne5 18. Bxb7 Qxb7 19. b5 Nfd7 20. a4 Nc5 21. Ba1 Rfd8 22. Qe2 Ncd3 23. Rcd1 Nb4 24. Qh5 Bf6 25. Nce2 Ned3 26. Qg4 Rc4 27. Qg3 h5 28. Nc6 Rg4 29. Nxd8 Bxd8 30. Qh3 Be7 31. f3 Rh4 32. Qg3 g6 33. Nc1 Nc5 34. Qe5 f6 35. Qg3 g5 36. Ne2 Nd5 37. Qf2 Rxa4 38. e4 Nb4 39. Bd4 Ra2 40. Qe3 e5 41. Bc3 Nc2 42. Qc1 Na3 43. Bb2 Nb3 44. Qc3 Na5 45. Ng3 Nxb5 46. Qc1 Bc5+ 47. Kh1 Qf7 48. Rd8+ Kh7 49. Rfd1 Nd4 50. Bxd4 exd4 51. e5 Qb3 52. Nxh5 Nc6 53. Nxf6+ Kg6 54. Rg8+ Kf7 55. Re1 Qc2 56. Qxg5 Qxg2+ 57. Qxg2 Rxg2 58. Rxg2 Nxe5 59. Rxe5 Kxf6 60. f4 a5 61. Rc2 1-0

[Event "GER-chT Lands U20"]
[Site "Hannover"]
[Date "2016.10.01"]
[Round "1.3"]
[White "Wiesner, Alexander"]
[Black "Muetsch, Annmarie"]
[Result "0-1"]
[WhiteElo "1907"]
[BlackElo "2108"]
[PlyCount "73"]
[EventDate "2016.10.01"]
[EventType "team-swiss"]
[EventRounds "7"]
[EventCountry "GER"]
[SourceTitle "CBM 174 Extra"]
[Source "ChessBase"]
[SourceDate "2016.10.10"]
[SourceVersion "1"]
[SourceVersionDate "2016.10.10"]
[SourceQuality "1"]
[WhiteTeam "Baden II"]
[BlackTeam "Baden"]
[WhiteTeamCountry "GER"]
[BlackTeamCountry "GER"]

1. b3 e5 2. Bb2 Nc6 3. e3 d6 4. Nf3 f5 5. d4 e4 6. d5 Nce7 7. Nh4 Ng6 8. Bb5+ Bd7 9. Bxd7+ Qxd7 10. Qh5 N8e7 11. c4 0-0-0 12. Nxg6 Nxg6 13. 0-0 Ne5 14. Bd4 g6 15. Qe2 Bg7 16. Nc3 Kb8 17. a4 Rhe8 18. Qd2 a6 19. Ne2 g5 20. Qc3 Qf7 21. b4 f4 22. b5 f3 23. bxa6 fxg2 24. Rfb1 Rf8 25. Nf4 gxf4 26. axb7 Nf3+ 27. Kxg2 Bxd4 28. exd4 Qg7+ 29. Kf1 Qxd4 30. Qxd4 Nxd4 31. a5 Ka7 32. a6 e3 33. fxe3 fxe3+ 34. Kg1 e2 35. Rc1 Nb3 36. Rab1 Nxc1 37. Rxc1 0-1

[Event "GER-ch U16"]
[Site "Willingen"]
[Date "2016.05.19"]
[Round "7"]
[White "Lagunow, Raphael"]
[Black "Wiesner, Alexander"]
[Result "1/2-1/2"]
[WhiteElo "2257"]
[BlackElo "1948"]
[PlyCount "42"]
[EventDate "2016.05.15"]
[EventType "swiss"]
[EventRounds "9"]
[EventCountry "GER"]
[SourceTitle "CBM 172 Extra"]
[Source "ChessBase"]
[SourceDate "2016.06.21"]
[SourceVersion "1"]
[SourceVersionDate "2016.06.21"]
[SourceQuality "1"]

1. e4 c5 2. c3 g6 3. d4 cxd4 4. cxd4 d5 5. exd5 Nf6 6. Bb5+ Bd7 7. Bc4 Bg7 8. Nc3 0-0 9. Nge2 b5 10. Bb3 b4 11. Na4 Bb5 12. 0-0 Nxd5 13. a3 Nc6 14. axb4 Bxe2 15. Qxe2 Nxd4 16. Qc4 Nxb3 17. Qxb3 e6 18. Rd1 Qe7 19. Bd2 Rab8 20. b5 Rfc8 21. Nc3 Rd8 1/2-1/2

[Event "GER-ch U16"]
[Site "Willingen"]
[Date "2016.05.17"]
[Round "4"]
[White "Wiesner, Alexander"]
[Black "Martin, Julian"]
[Result "0-1"]
[WhiteElo "1948"]
[BlackElo "2224"]
[PlyCount "60"]
[EventDate "2016.05.15"]
[EventType "swiss"]
[EventRounds "9"]
[EventCountry "GER"]
[SourceTitle "CBM 172 Extra"]
[Source "ChessBase"]
[SourceDate "2016.06.21"]
[SourceVersion "1"]
[SourceVersionDate "2016.06.21"]
[SourceQuality "1"]

1. e4 c5 2. Nf3 d6 3. d4 cxd4 4. Nxd4 Nf6 5. Nc3 a6 6. Be2 e5 7. Nf3 Be7 8. Bg5 Nbd7 9. 0-0 0-0 10. Nd2 b5 11. Re1 Bb7 12. Bf1 Nc5 13. Bxf6 Bxf6 14. Nd5 Bxd5 15. exd5 g6 16. Ne4 Nxe4 17. Rxe4 Bg7 18. a4 f5 19. Rb4 bxa4 20. Rbxa4 e4 21. c3 a5 22. Qb3 Be5 23. Qa3 Qb6 24. b4 axb4 25. Qb3 Rxa4 26. Rxa4 Bxc3 27. Ra6 Qb8 28. Qa4 b3 29. Ra7 b2 30. Qd7 Qxa7 0-1

[Event "GER-ch U16"]
[Site "Willingen"]
[Date "2016.05.15"]
[Round "2"]
[White "Wiesner, Alexander"]
[Black "Schroeder, Kevin"]
[Result "0-1"]
[WhiteElo "1948"]
[BlackElo "2263"]
[PlyCount "48"]
[EventDate "2016.05.15"]
[EventType "swiss"]
[EventRounds "9"]
[EventCountry "GER"]
[SourceTitle "CBM 172 Extra"]
[Source "ChessBase"]
[SourceDate "2016.06.21"]
[SourceVersion "1"]
[SourceVersionDate "2016.06.21"]
[SourceQuality "1"]

1. e4 c5 2. Nf3 d6 3. b4 Nf6 4. bxc5 dxc5 5. Nc3 Nc6 6. Bc4 e6 7. 0-0 Be7 8. d3 0-0 9. Bb2 b6 10. Ne2 Na5 11. Nd2 Qc7 12. a4 Rd8 13. f4 Nxe4 14. Be5 Nd6 15. Ba2 Nc6 16. Bc3 Nf5 17. Nc4 Bb7 18. Qb1 Ncd4 19. Nxd4 Nxd4 20. Rf2 Bh4 21. Rd2 Qxf4 22. Qf1 Qxf1+ 23. Rxf1 Bd5 24. Bb3 Bg5 0-1

[Event "GER-chT U14"]
[Site "Verden"]
[Date "2015.12.30"]
[Round "7.1"]
[White "Tong, Kevin"]
[Black "Wiesner, Alexander"]
[Result "1-0"]
[WhiteElo "1977"]
[BlackElo "1858"]
[PlyCount "53"]
[EventDate "2015.12.27"]
[EventType "team-swiss"]
[EventRounds "7"]
[EventCountry "GER"]
[SourceTitle "EXT 2017"]
[Source "ChessBase"]
[SourceDate "2016.10.25"]
[SourceVersion "1"]
[SourceVersionDate "2016.10.25"]
[SourceQuality "1"]
[WhiteTeam "Erlangen"]
[BlackTeam "Karlsruhe"]
[WhiteTeamCountry "GER"]
[BlackTeamCountry "GER"]

1. e4 c5 2. Nf3 Nc6 3. d4 cxd4 4. Nxd4 Nf6 5. Nc3 e5 6. Ndb5 d6 7. Bg5 a6 8. Na3 b5 9. Bxf6 gxf6 10. Nd5 f5 11. Bxb5 axb5 12. Nxb5 Ra5 13. Nbc7+ Kd7 14. Qh5 Ne7 15. Qxf7 Kc6 16. b4 Ra3 17. 0-0 Nxd5 18. exd5+ Kb6 19. Ne6 Bxe6 20. Qxe6 Qg5 21. Qc8 Rg8 22. Qb8+ Ka6 23. Qa8+ Kb5 24. Qb7+ Kc4 25. Qc6+ Kd4 26. Rad1+ Ke4 27. Qc4# 1-0

[Event "GER-chT U14"]
[Site "Verden"]
[Date "2015.12.27"]
[Round "2.1"]
[White "Savchenko, Daniel"]
[Black "Wiesner, Alexander"]
[Result "1-0"]
[WhiteElo "1898"]
[BlackElo "1858"]
[PlyCount "105"]
[EventDate "2015.12.27"]
[EventType "team-swiss"]
[EventRounds "7"]
[EventCountry "GER"]
[SourceTitle "EXT 2017"]
[Source "ChessBase"]
[SourceDate "2016.10.25"]
[SourceVersion "1"]
[SourceVersionDate "2016.10.25"]
[SourceQuality "1"]
[WhiteTeam "Duesseldorf"]
[BlackTeam "Karlsruhe"]
[WhiteTeamCountry "GER"]
[BlackTeamCountry "GER"]

1. e4 c5 2. Nf3 Nc6 3. d4 cxd4 4. Nxd4 Nf6 5. Nc3 e5 6. Ndb5 d6 7. Nd5 Nxd5 8. exd5 Nb8 9. a4 Be7 10. Be2 0-0 11. 0-0 a6 12. Na3 Nd7 13. Be3 f5 14. f3 Bg5 15. Bf2 Bf4 16. Kh1 Qf6 17. g3 Bg5 18. Nc4 f4 19. Kg2 Qh6 20. Rh1 Rf7 21. h4 Be7 22. g4 Nf8 23. b4 Bd7 24. Nb6 Re8 25. c4 Bd8 26. Nxd7 Nxd7 27. c5 dxc5 28. bxc5 e4 29. fxe4 Rxe4 30. Bf3 Re8 31. Rb1 Ne5 32. d6 Nxf3 33. Qxf3 Qg6 34. Rxb7 Rxb7 35. Qxb7 Qxg4+ 36. Kh2 Bxh4 37. Qb3+ Kh8 38. Re1 Bg3+ 39. Bxg3 fxg3+ 40. Kg2 Re2+ 41. Rxe2 Qxe2+ 42. Kxg3 Qe5+ 43. Kf3 Qf5+ 44. Ke2 Qe4+ 45. Qe3 Qg2+ 46. Ke1 Qh1+ 47. Kd2 Qd5+ 48. Kc3 Qc6 49. Qd4 Qd7 50. Qe4 h6 51. Qa8+ Kh7 52. Qxa6 Qh3+ 53. Qd3+ 1-0

[Event "GER-ch U14"]
[Site "Willingen"]
[Date "2015.05.29"]
[Round "8"]
[White "Weber, Samuel"]
[Black "Wiesner, Alexander"]
[Result "0-1"]
[WhiteElo "1856"]
[BlackElo "1774"]
[PlyCount "68"]
[EventDate "2015.05.24"]
[EventType "swiss"]
[EventRounds "9"]
[EventCountry "GER"]
[SourceTitle "CBM 166 Extra"]
[Source "ChessBase"]
[SourceDate "2015.06.18"]
[SourceVersion "1"]
[SourceVersionDate "2015.06.18"]
[SourceQuality "1"]

1. e4 c5 2. d4 cxd4 3. c3 d5 4. exd5 Qxd5 5. cxd4 Nc6 6. Nf3 e5 7. Nxe5 Bb4+ 8. Nc3 Nxe5 9. dxe5 Qxe5+ 10. Be2 Bxc3+ 11. bxc3 Bg4 12. f3 Be6 13. 0-0 Qc5+ 14. Kh1 Ne7 15. Rb1 0-0 16. Rb5 Qxc3 17. Bb2 Qe3 18. Bd4 Qf4 19. g3 Qc7 20. Qb1 b6 21. Bd3 Ng6 22. Qb2 f6 23. Rc1 Qd7 24. Be4 Rac8 25. Re1 Rfd8 26. Be3 Ne5 27. Qb1 Nd3 28. Re2 f5 29. Bg5 fxe4 30. fxe4 Rf8 31. Rd2 Nf2+ 32. Kg1 Qxb5 33. Qxb5 Rc1+ 34. Qf1 Nh3+ 0-1

[Event "GER-ch U14"]
[Site "Willingen"]
[Date "2015.05.28"]
[Round "7"]
[White "Wiesner, Alexander"]
[Black "Degenhard, Simon"]
[Result "1-0"]
[WhiteElo "1774"]
[BlackElo "1891"]
[PlyCount "93"]
[EventDate "2015.05.24"]
[EventType "swiss"]
[EventRounds "9"]
[EventCountry "GER"]
[SourceTitle "CBM 166 Extra"]
[Source "ChessBase"]
[SourceDate "2015.06.18"]
[SourceVersion "1"]
[SourceVersionDate "2015.06.18"]
[SourceQuality "1"]

1. f4 g6 2. Nf3 Bg7 3. g3 c5 4. Bg2 Nc6 5. 0-0 d5 6. d3 Nf6 7. Nc3 d4 8. Na4 Qd6 9. c4 0-0 10. a3 Bg4 11. Rb1 Nd7 12. h3 Bxf3 13. Bxf3 g5 14. Kh2 gxf4 15. Bxf4 e5 16. Bd2 Rae8 17. b4 b6 18. Qc2 f5 19. bxc5 bxc5 20. Bd5+ Kh8 21. Rb7 Ne7 22. Bg2 Nc8 23. Rxd7 Qxd7 24. Nxc5 Qc7 25. Nb3 Re6 26. Bb4 Ne7 27. Qd2 Bh6 28. Qe1 Be3 29. Be4 Rff6 30. Bh1 Nc6 31. Nc5 Re8 32. Ne4 Rh6 33. Rxf5 Nxb4 34. axb4 Qc8 35. Qf1 Kg7 36. Bg2 Rf8 37. Rxf8 Qxf8 38. Qxf8+ Kxf8 39. Bf3 a6 40. Nc5 Ke7 41. b5 axb5 42. cxb5 Rb6 43. Bc6 Bh6 44. Nd7 Rxc6 45. bxc6 Bg7 46. Nc5 Kd6 47. c7 1-0